Love in 20 different languages - Statistics

General Stats
  • This quiz has been taken 61 times
  • The average score is 13 of 20
Answer Stats
Love Language % Correct
люблю (Lyublyu) Russian/Ukrainian
98%
حب (Hubun) Arabic
96%
Amour French
94%
Liebe German
94%
愛 (Ai) Japanese/Chinese
94%
Amor Portuguese/Spanish/Latin
94%
Miłość Polish
83%
אהבה (Ahava) Hebrew
81%
Szeretet Hungarian
74%
รัก (Rạk) Thai
74%
Aşk Turkish
74%
प्रेम (Prem) Hindi
70%
љубав (Ljubav) Serbian
68%
Láska Czech
53%
махаббат (maxabbat) Kazakh
51%
Kärlek Swedish
49%
Ást Icelandic
30%
Grá Irish
19%
Ayóóʼóʼní Navajo
19%
muSHa' Klingon
15%
No matching quizzes found
Score Distribution
Percent of People with Each Score
Percentile by Number Answered
Your Score History
You have not taken this quiz